Normal view
MARC view
- Étalon-or
Entry Topical Term
001 - CONTROL NUMBER
- control field: 94658
003 - CONTROL NUMBER IDENTIFIER
- control field: NUST
005 - DATE AND TIME OF LATEST TRANSACTION
- control field: 20220723160005.0
008 - FIXED-LENGTH DATA ELEMENTS
- fixed length control field: 220723|| aca||aabn | a|a d
040 ## - CATALOGING SOURCE
- Original cataloging agency: NUST
- Transcribing agency: NUST
150 ## - HEADING--TOPICAL TERM
- Topical term or geographic name entry element: Étalon-or
- Geographic subdivision: États-Unis
- General subdivision: Histoire
- Chronological subdivision: 20e siècle
670 ## - SOURCE DATA FOUND
- Source citation: Work cat.: (NUST)0: Garten, Jeffrey E., 1946- author. 94653, Three days at Camp David :
